000 00499nam a2200145Ia 4500
008 191206s9999 xx 000 0 und d
020 _a9780465097531
100 _aFord, Martin
245 _cMartin Ford
_aRise of the robots:
_btechnology and the threat of a jobless future/
260 _aNY:
_bBasic Books
_c2015
300 _axviii, 334 p. ;
_c21 cm.
500 _aIncludes index and bibliographical references
650 _aEmployment forecasting
650 _aLabor supply -- effect of automation
999 _c362840
_d362840